[Event "Buenos Aires U2200"]
[Site "Buenos Aires"]
[Date "2015.10.29"]
[Round "6.1"]
[White "Marquez, Marcos"]
[Black "Rodriguez, Gabriel Alberto"]
[Result "1/2-1/2"]
[WhiteElo "1975"]
[BlackElo "1999"]
[PlyCount "56"]
[EventDate "2015.10.20"]
[EventType "swiss"]
[EventRounds "7"]
[EventCountry "ARG"]
[SourceTitle "EXT 2024"]
[Source "ChessBase"]
[SourceDate "2023.10.10"]
[SourceVersion "1"]
[SourceVersionDate "2023.10.10"]
[SourceQuality "1"]

1. d4 f5 2. Nf3 Nf6 3. g3 g6 4. Bg2 Bg7 5. 0-0 0-0 6. b3 c5 7. Bb2 cxd4 8. Nxd4 a6 9. c4 Nc6 10. Nf3 d6 11. Nc3 Qa5 12. Rb1 f4 13. Rc1 Ne4 14. Nxe4 Bxb2 15. Rb1 Bg7 16. b4 Qh5 17. Rb3 Be6 18. c5 Bxb3 19. Qxb3+ d5 20. Neg5 Rf5 21. Ne6 fxg3 22. hxg3 Qg4 23. Nh4 Rh5 24. Nxg7 Kxg7 25. Bf3 Qxb4 26. Bxh5 Qxb3 27. axb3 gxh5 28. Rd1 Rd8 1/2-1/2

[Event "ARG-ch sf 90th"]
[Site "Buenos Aires"]
[Date "2015.08.24"]
[Round "7"]
[White "Villanueva, Mario Nicolas"]
[Black "Rodriguez, Gabriel Alberto"]
[Result "1-0"]
[WhiteElo "2428"]
[BlackElo "2061"]
[PlyCount "28"]
[EventDate "2015.08.20"]
[EventType "swiss"]
[EventRounds "9"]
[EventCountry "ARG"]
[SourceTitle "EXT 2016"]
[Source "ChessBase"]
[SourceDate "2015.10.08"]
[SourceVersion "1"]
[SourceVersionDate "2015.10.08"]
[SourceQuality "1"]

1. e4 c5 2. Nf3 e6 3. d4 cxd4 4. Nxd4 a6 5. Nc3 Qc7 6. Bd3 Bc5 7. Nb3 Ba7 8. Qg4 Ne7 9. Bf4 d6 10. Qxg7 Rg8 11. Qxh7 Rxg2 12. Bg3 Qb6 13. Qh8+ Kd7 14. 0-0-0 Nbc6 1-0